000 00585nam a2200229Ia 4500
003 OSt
005 20221005131054.0
006 a|||||r|||| 00| 0
007 ta
008 221004b |||||||| |||| 00| 0 eng d
024 _a70069
037 _cTextual
040 _aCRL
_cCRL
_beng
041 _2eng
_aeng
082 _aY1xM18x, J6;K1-;1
100 _aMarx Karl
245 0 _aSelected writings in sociology and social philosophy
260 _c1956
650 _aSOCIOLOGY
942 _hY1xM18x, J6;K1-;1
_cTEXL
_2cc
999 _c1059251
_d1059251